UM Logo

Information technology: (Record no. 12913)

MARC details
000 -LEADER
fixed length control field 00387nam a2200097 4500
008 - FIXED-LENGTH DATA ELEMENTS--GENERAL INFORMATION
fixed length control field 190206b ||||| |||| 00| 0 eng d
245 ## - TITLE STATEMENT
Title Information technology:
Remainder of title Philippine as process outsourcing industry leader with faster internet speed
260 ## - PUBLICATION, DISTRIBUTION, ETC. (IMPRINT)
Place of publication, distribution, etc. San Miguel, Manila :
Name of publisher, distributor, etc. OP-Bureau of Communications Services,
Date of publication, distribution, etc. 2013-c2014.
300 ## - PHYSICAL DESCRIPTION
Extent v22 n5 20-22, pages ;
Other physical details 23 cm.
942 ## - ADDED ENTRY ELEMENTS (KOHA)
Source of classification or shelving scheme Dewey Decimal Classification
Koha item type Periodicals

No items available.